<?xml version="1.0" encoding="UTF-8"?>
<record
    xmlns:xsi="http://www.w3.org/2001/XMLSchema-instance"
    xsi:schemaLocation="http://www.loc.gov/MARC21/slim http://www.loc.gov/standards/marcxml/schema/MARC21slim.xsd"
    xmlns="http://www.loc.gov/MARC21/slim">

  <leader>00830nam a2200229 a 4500</leader>
  <controlfield tag="001">BRL_1454</controlfield>
  <controlfield tag="005">20190320211220.0</controlfield>
  <controlfield tag="008">150114s1955----au-aob####---#000-0#ger-#</controlfield>
  <datafield tag="041" ind1=" " ind2=" ">
    <subfield code="a">ger</subfield>
  </datafield>
  <datafield tag="044" ind1=" " ind2=" ">
    <subfield code="a">au</subfield>
  </datafield>
  <datafield tag="050" ind1=" " ind2="4">
    <subfield code="a">GT1747</subfield>
    <subfield code="b">.M37 1955</subfield>
  </datafield>
  <datafield tag="245" ind1="1" ind2="0">
    <subfield code="a">Masken in Mitteleuropa</subfield>
    <subfield code="b">volkskundliche Beitr&#xE4;ge zur europ&#xE4;ischen Maskenforschung : Anl&#xE4;sslich des sechzigj&#xE4;hrigen Bestehens des Vereines f&#xFC;r Volkskunde in Wien</subfield>
    <subfield code="c">herausgegeben von Leopold Schmidt.</subfield>
  </datafield>
  <datafield tag="260" ind1=" " ind2=" ">
    <subfield code="a">Wien</subfield>
    <subfield code="c">1955</subfield>
  </datafield>
  <datafield tag="300" ind1=" " ind2=" ">
    <subfield code="a">253 p.</subfield>
    <subfield code="b">il., mapas, 27 l&#xE1;minas</subfield>
    <subfield code="c">24 cm.</subfield>
  </datafield>
  <datafield tag="440" ind1=" " ind2="0">
    <subfield code="a">Sonderschriften des Vereines f&#xFC;r Volkskunde in Wien</subfield>
    <subfield code="v">1</subfield>
    <subfield code="9">26969</subfield>
  </datafield>
  <datafield tag="500" ind1=" " ind2=" ">
    <subfield code="a">Au1798</subfield>
  </datafield>
  <datafield tag="650" ind1="1" ind2="4">
    <subfield code="a">M&#xE1;scaras</subfield>
    <subfield code="z">Europa</subfield>
    <subfield code="9">26970</subfield>
  </datafield>
  <datafield tag="700" ind1="1" ind2=" ">
    <subfield code="a">Schmidt, Leopold,</subfield>
    <subfield code="d">1912-1981</subfield>
    <subfield code="e">ed.</subfield>
    <subfield code="9">26971</subfield>
  </datafield>
  <datafield tag="710" ind1="2" ind2=" ">
    <subfield code="a">Vereines f&#xFC;r Volkskunde in Wien</subfield>
    <subfield code="9">26972</subfield>
  </datafield>
  <datafield tag="902" ind1=" " ind2=" ">
    <subfield code="a">GRL</subfield>
  </datafield>
  <datafield tag="942" ind1=" " ind2=" ">
    <subfield code="2">lcc</subfield>
    <subfield code="c">B</subfield>
  </datafield>
  <datafield tag="999" ind1=" " ind2=" ">
    <subfield code="c">10264</subfield>
    <subfield code="d">10264</subfield>
  </datafield>
  <datafield tag="952" ind1=" " ind2=" ">
    <subfield code="0">0</subfield>
    <subfield code="1">0</subfield>
    <subfield code="4">0</subfield>
    <subfield code="7">0</subfield>
    <subfield code="a">BRL</subfield>
    <subfield code="b">BRL</subfield>
    <subfield code="d">2014-01-15</subfield>
    <subfield code="i">Au1798</subfield>
    <subfield code="l">0</subfield>
    <subfield code="o">GT1747 .M37 1955 (Au1798)</subfield>
    <subfield code="p">GRL01614</subfield>
    <subfield code="r">2019-03-22 00:00:00</subfield>
    <subfield code="w">2019-03-22</subfield>
    <subfield code="y">B</subfield>
  </datafield>
</record>
